| 000 | 01275 a2200265 4500 | ||
|---|---|---|---|
| 999 |
_c5532 _d5532 |
||
| 020 | _a9780077228583 | ||
| 020 | _a0077228588 | ||
| 050 | 0 | 0 | _aRA 440 TEA 2009 |
| 100 | 1 |
_aTeague, Michael L., _d1946- _eAuthor |
|
| 245 | 1 | 0 |
_aYour health today : _bchoices in a changing society / _cMichael L. Teague, University of Iowa, Sara L.C. MacKenzie, University of Washington, David M. Rosenthal, Lower East Side Harm Reduction Center. |
| 250 | _a2nd ed. | ||
| 264 | 1 |
_aNew York: _bMcGraw Hill, _c2009 |
|
| 300 |
_axxv, 554. : _bill. (col.) |
||
| 500 | _aIncludes bibliographical references (pages R1-R15) and index. | ||
| 504 | _aIncludes bibliographical references (pages R1-R15) and index. | ||
| 650 | 0 | _aHealth education. | |
| 650 | 0 | _aHealth promotion. | |
| 700 | 1 |
_aMackenzie, Sara L. C. _eAuthor |
|
| 700 | 1 |
_aRosenthal, David M. _eAuhto |
|
| 856 | 4 | 2 |
_3Contributor biographical information _uhttp://www.loc.gov/catdir/enhancements/fy1306/2008939105-b.html |
| 856 | 4 | 2 |
_3Publisher description _uhttp://www.loc.gov/catdir/enhancements/fy1306/2008939105-d.html |
| 856 | 4 | 1 |
_3Table of contents only _uhttp://www.loc.gov/catdir/enhancements/fy1306/2008939105-t.html |
| 942 |
_2lcc _cBK _e2nd ed. _h440 _iTEA _kRA |
||